000
00216 a2200097 4500
001
43970
100
_a
Mahmood Alam
245
_a
A Gift for Young Muslim
260
_a
Karachi
_b
Javed Press
_c
090
_c
27709
_d
27709
942
_a
NUST-CAE
_c
M
_c
19679
999
_c
279043
_d
279043